Orar.
Guardat en:
| Autor principal: | |
|---|---|
| Altres autors: | |
| Format: | Llibre |
| Idioma: | espanyol |
| Publicat: |
Barcelona, España:
Planeta,
2008.
|
| Edició: | 1a. edición. |
| Col·lecció: | Planeta Testimonio.
|
| Matèries: | |
| Etiquetes: |
Afegir etiqueta
Sense etiquetes, Sigues el primer a etiquetar aquest registre!
|
MARC
| LEADER | 00000nam a2200000 a 4500 | ||
|---|---|---|---|
| 001 | UCH3255 | ||
| 003 | CL-VaPUC | ||
| 005 | 20240821094009.0 | ||
| 008 | 090723t20080000CL |||||||||||||||||spa|d | ||
| 020 | |a 978-84-08-07894-4 | ||
| 040 | |c Pontificia Universidad Católica de Valparaíso | ||
| 082 | 0 | 7 | |a 262.13 BEN 2008 |2 22 |
| 100 | |a Benedicto XVI, Papa, |d 1927-2022 |q Ratzinger, Joseph |e autor |9 866206 | ||
| 245 | 1 | 0 | |a Orar. |
| 250 | |a 1a. edición. | ||
| 260 | |a Barcelona, España: |b Planeta, |c 2008. | ||
| 300 | |a 318 páginas. | ||
| 490 | 0 | |a Planeta Testimonio. | |
| 500 | |a c.1 Donación Sr. Jorge Precht Pizarro. 26-05-23. Biblioteca Teología. | ||
| 583 | |a last modification |c 20090723 00:00:00 |k Yessy Sthefany Diaz Vidal | ||
| 600 | 0 | |9 859569 |a Benedicto XVI |d 1927-2022 |q Ratzinger, Joseph Aloisius |v Discursos | |
| 650 | 0 | |a Documentos pontificios |9 255642 | |
| 650 | 0 | |a Encíclicas papales |9 314532 | |
| 700 | |a Manglano, José Pedro |e introducción y selección de textos |9 884287 | ||
| 942 | |c BK |2 ddc | ||
| 945 | |d 20090723 00:00:00 |a rbrito | ||
| 999 | |c 441624 |d 441622 | ||
| 952 | |0 0 |1 0 |2 ddc |4 0 |6 262_130000000000000_BEN_2008 |7 0 |8 A |9 591303 |a BIBTEO |b BIBTEO |c GEN |d 2023-08-22 |e Donación |i 5658448 |o 262.13 BEN 2008 |p 5658448 |r 2025-01-17 |t 1 |w 2023-08-22 |y BK |k ICR | ||